000 01176nam2a2200241 4500
001 rc\2998692
005 20260315063545.0
035 _a(NLR Aleph) 007142256
090 _a13614764
_c13614764
100 _a20110919d1940 u y0rusy50 ca
101 0 _arus
102 _aRU
105 _ay j |||||
200 1 _aО произведении Ф. Энгельса "Анти-Дюринг"
_eСтеногр. лекции, прочит. 8 янв. 1940 г.
_fПроф. Л.Ф. Ильичев
210 _d1940
215 _a48 с.
461 0 _1001rc\2998682
_12001#$aКурс диалектического и исторического материализма$fВысш. школа парт. организаторов при ЦК ВКП(б)$vТема 11
_97067483
_cМосква
_d1940
_fВысш. школа парт. организаторов при ЦК ВКП(б)
_nБ. и.
_tКурс диалектического и исторического материализма
_vТема 11
700 1 _aИльичев
_bЛ.Ф.
_gЛеонид Федорович
801 0 _aRU
_bNLR
_gpsbo
801 1 _aRU
_bELAR
_2rusmarc
852 _aNLR
_j39-18/289(11)
942 _cUNSPEC
980 _aNB